000 01205nam a2200301Ia 4500
001 ebr10674337
003 CaPaEBR
006 m u
007 cr cn|||||||||
008 130125s2013 si a sb 001 0 eng d
020 _z9789814447997 (hbk.)
020 _z9789814449045 (ebook)
020 _z9814447994 (hbk.)
040 _aCaPaEBR
_cCaPaEBR
035 _a(OCoLC)830085788
050 1 4 _aQA274.22
_b.W56 2013eb
100 1 _aWio, Horacio S.
245 1 0 _aPath integrals for stochastic processes
_h[electronic resource] :
_ban introduction /
_cHoracio S. Wio.
260 _aSingapore ;
_aHackensack, N.J. :
_bWorld Scientific,
_cc2013.
300 _axiii, 159 p. :
_bill.
504 _aIncludes bibliographical references (p. 149-155) and index.
533 _aElectronic reproduction.
_bPalo Alto, Calif. :
_cebrary,
_d2013.
_nAvailable via World Wide Web.
_nAccess may be limited to ebrary affiliated libraries.
650 0 _aFunction spaces.
650 0 _aStochastic integrals.
655 7 _aElectronic books.
_2local
710 2 _aebrary, Inc.
856 4 0 _uhttp://site.ebrary.com/lib/rucke/Doc?id=10674337
_zAn electronic book accessible through the World Wide Web; click to view
999 _c161837
_d161837